000 00862cam a22002891 4500
001 4224
003 BD-RjUL
005 20211208233845.0
008 131222r19521951xx 001 0 eng
035 _a(BD-RjUL)4259
035 _a(OCoLC)1709897
040 _aDLC
_cOTU
_dUk
_dDLC
_dBD-RjUL
_beng
041 _aeng
082 _a332.45
_bCRA
100 1 _aCrump, Norman,
_d1896-
_913386
245 1 4 _aThe ABC of the foreign exchanges /
_cNorman Crump
250 _a11th ed.
260 _aLondon,
_bMacmillan,
_c[Reprinted 1952].
300 _aviii, 403 p. ;
_c20 cm.
500 _a"The first edition...was written by Mr. George Clare and published in 1892."
504 _aIncludes index.
650 0 _aForeign exchange.
_913387
700 1 _tABC of the foreign exchanges.
_913388
942 _2ddc
_cBK
999 _c4224
_d4224